Statistics for Mario Enemies in the Most Main-Series Games

Click here to take the quiz!

General Stats

  • This quiz has been taken 34 times
  • The average score is 17 of 28

Answer Stats

# of gamesGamesAnswer% Correct
14Bros., Lost Levels, Bros. 3, Land 2, 64, New, Galaxy, New Wii, Galaxy 2, 3D Land, New 2, New U, 3D World, OdysseyGoomba
100%
14Bros., Lost Levels, Bros. 3, World, Land 2, 64, New, Galaxy, New Wii, Galaxy 2, 3D Land, New 2, New U, 3D WorldKoopa Troopa
100%
16Bros., Lost Levels, Bros. 3, World, Land 2, 64, Sunshine, New, Galaxy, New Wii, Galaxy 2, 3D Land, New 2, New U, 3D World, OdysseyBullet Bill
88%
10Bros., Lost Levels, Bros. 3, World, 64, New, New Wii, Galaxy 2, New 2, New ULakitu
88%
16Bros., Lost Levels, Bros. 3, Land, World, Land 2, 64, Sunshine, New, Galaxy, New Wii, Galaxy 2, 3D Land, New 2, New U, 3D WorldPiranha Plant
83%
12Bros., Lost Levels, Bros. 3, Sunshine, New, Galaxy, New Wii, Galaxy 2, 3D Land, New 2, New U, 3D WorldBlooper
79%
13Bros. 3, World, Land 2, 64, Sunshine, New, Galaxy, New Wii, Galaxy 2, 3D Land, New 2, New U, 3D WorldBoo
79%
11Bros., Lost Levels, Bros. 3, New, New Wii, Galaxy 2, 3D Land, New 2, New U, 3D World, OdysseyHammer Bro
79%
13Bros., Lost Levels, Bros. 3, World, 64, New, New Wii, Galaxy 2, 3D Land, New 2, New U, 3D World, OdysseySpiny
79%
16Bros., Lost Levels, Bros. 3, World, Land 2, 64, Sunshine, New, Galaxy, New Wii, Galaxy 2, 3D Land, New 2, New U, 3D World, OdysseyCheep Cheep
75%
8Bros., Lost Levels, Bros. 3, World, New, New Wii, New 2, New UKoopa Paratroopa
75%
9Bros. 3, Land 2, New, New Wii, Galaxy 2, 3D Land, New 2, New U, OdysseyParagoomba
71%
8Bros., Lost Levels, Bros. 3, World, New, New Wii, New 2, New UBuzzy Beetle
67%
9Bros. 3, World, New, Galaxy, New Wii, Galaxy 2, 3D Land, New 2, New UDry Bones
67%
13Bros. 2, Bros. 3, World, 64, Sunshine, New, Galaxy, New Wii, Galaxy 2, 3D Land, New 2, New U, 3D WorldBob-omb
63%
14Bros., Lost Levels, Bros. 3, World, 64, New, Galaxy, New Wii, Galaxy 2, 3D Land, New 2, New U, 3D World, OdysseyLava Bubble
58%
10World, New, Galaxy, New Wii, Galaxy 2, 3D Land, New 2, New U, 3D World, OdysseyBanzai Bill
54%
9Bros. 3, 64, Sunshine, New, New Wii, 3D Land, New 2, New U, OdysseyChain Chomp
54%
9Bros. 2, World, 64, Sunshine, New, New Wii, 3D Land, New 2, New UPokey
50%
11Bros. 3, World, 64, New, Galaxy, New Wii, Galaxy 2, 3D Land, New 2, New U, 3D WorldThwomp
50%
9Bros. 3, Land 2, New, New Wii, 3D Land, New 2, New U, 3D World, OdysseyFire Piranha Plant
38%
8Bros. 3, New, New Wii, Galaxy 2, 3D Land, New 2, New U, 3D WorldBoomerang Bro
33%
11Bros., Lost Levels, 64, New, Galaxy, New Wii, Galaxy 2, 3D Land, New 2, New U, 3D WorldFire Bar
29%
8World, New Wii, Galaxy 2, 3D Land, New 2, New U, 3D World, OdysseyFuzzy
25%
15Bros., Lost Levels, Bros. 3, World, Land 2, 64, New, Galaxy, New Wii, Galaxy 2, 3D Land, New 2, New U, 3D World, OdysseyBill Blaster
21%
8Bros. 3, Sunshine, New, Galaxy, New Wii, 3D Land, New 2, New UBurner
17%
10Bros. 3, 64, New, Galaxy, New Wii, Galaxy 2, New 2, New U, 3D World, OdysseyMini Goomba
17%
10Bros., Lost Levels, Bros. 3, World, 64, New, New Wii, Galaxy 2, New 2, New USpiny Egg
13%

Score Distribution

Percentile by Number Answered

Percent of People with Each Score

Your Score History

You have not taken this quiz